Manual para el monitoreo de aves migratorias / (Registro nro. 7037)
[ vista simple ]
| 000 -CABECERA | |
|---|---|
| Campo de control | 00813nam a2200241 i 4500 |
| 005 - FECHA Y HORA DE LA ULTIMA TRANSACCION | |
| Campo de control | 20160105092116.0 |
| 008 - ELEMENTOS DE LONGITUD FIJA—INFORMACION GENERAL | |
| Campo de control | 160105s2004 ck ab |r|||| 00| 0 spa d |
| 020 ## - ISBN | |
| ISBN | 9583365920 |
| 040 ## - FUENTE DE CATALOGACIÓN | |
| Agencia catalogadora original | CO-BoIAVH |
| Agencia transcriptora | CO-BoIAVH |
| 041 ## - IDIOMA | |
| Código de idioma para texto/pista de sonido o título separado | Español |
| 044 ## - PAÍS DE PUBLICACIÓN | |
| País de publicación | Colombia |
| 082 04 - NUMERO DE CLASIFICACION DECIMAL DEWEY | |
| Número de clasificación | 598.1568 |
| Número del ítem | M38m |
| 100 1# - ASIENTO PRINCIPAL--NOMBRE PERSONAL | |
| Nombre personal | Martínez, Isadora Angarita |
| 9 (RLIN) | 46371 |
| 245 10 - MENCION DE TITULO | |
| Título | Manual para el monitoreo de aves migratorias / |
| Mención de responsabilidad | Isadora Angarita Martínes y (otros tres autores). |
| 260 ## - PUBLICACION, DISTRIBUCION, ETC. (PIE DE IMPRENTA) | |
| Lugar de publicación, distribución, etc. | Cali : |
| Nombre del editor, distribuidor, etc. | Asociación Red Colombiana de Reservas Narurales de la Sociedad Civil , |
| Fecha de publicación, distribución, etc. | 2004. |
| 300 ## - DESCRIPCION FISICA | |
| Extensión | 54 p. |
| 650 14 - ASIENTO SECUNDARIO DE MATERIA - TERMINO TEMATICO | |
| Término temático o nombre geográfico como elemento de entrada | Migración de aves |
| Subdivisión de forma | Manual |
| 9 (RLIN) | 46372 |
| 650 14 - ASIENTO SECUNDARIO DE MATERIA - TERMINO TEMATICO | |
| Término temático o nombre geográfico como elemento de entrada | Aves |
| Subdivisión general | Ecología |
| 9 (RLIN) | 46373 |
| 700 ## - ASIENTO SECUNDARIO - NOMBRE PERSONAL | |
| Nombre personal | Arbeláez Alvarado, Daniel |
| Término de relación | autor |
| 9 (RLIN) | 46374 |
| 700 ## - ASIENTO SECUNDARIO - NOMBRE PERSONAL | |
| Nombre personal | Naranjo, Luis Germán |
| Término de relación | autor |
| 9 (RLIN) | 4368 |
| 942 ## - ELEMENTOS ADICIONALES (KOHA) | |
| Tipo de ítem | Libro |
| Sistema de clasificación | Dewey Decimal Classification |
| 945 ## - PROCESAMIENTO LOCAL | |
| AAAA-MM-DD - Fecha de ingreso o modificacion | 2009-08-04 |
| Withdrawn status | Lost status | Sistema de Clasificación | Damaged status | No para préstamo | Colección | Inventariado | Ubicación Permanente | Ubicación actual | Fecha de adquisición | Fuente de Valor | Valor | Total Checkouts | Número topográfico | Inventario / Código de Barras | Date last seen | Ejemplar | Price effective from | Forma de adquisición | Tipo de material |
|---|---|---|---|---|---|---|---|---|---|---|---|---|---|---|---|---|---|---|---|
| Dewey Decimal Classification | General | Inventariado 2017 | Bogotá | Bogotá | 04/08/2009 | Instituto | 15000.00 | LB-598.1568 M38m | 027414 | 04/12/2012 | Ej.1 | 04/12/2012 | Libro |